00643cas a2200181 a 45000220014000000400008000140820026000222450149000482600041001973000024002385000021002625000041002835000054003246500009003786500009003876500018003967100047004140 a0889-1575 cNSD00a664 AUR 2006 C282 Or.00aJournal of food composition and analysis :ban official publication of the United Nations University, International Network of Food Data Systems aSan Diego :bAcademic Press,cc1987- av. :bill. ;c26 cm aTitle from cover aImprint varies: Orlando, FL, <1995-> aLatest issue consulted: Vol. 8, no. 4 (Dec. 1995) 0aFood 0aFood 2aFood Analysis2 aInternational Network of Food Data Systems